00793nam a22002177a 450000500170000001000150001702000260003203500130005803700130007124501020008426000410018627000520022730000230027950000490030270000190035170000250037070000170039594200170041299900170042995201290044620130620120901.0 aENG-107683 a9788189983598c750.00 aEN-91216 bDBAD/PUB aPrimary education /cedited and compiled by Surender Kumar, Rohtash Kumar Verma [and] Kiran Arora aNew DelhibKhel Sahitya Kendrac2012 a7/26, Ansari Road, DaryaganjbNew Delhie110002 av,280p. c23cm(Hb) aIncludes bibliographical reference and index aSurender Kumar aVerma, Rohtash Kumar aArora, Kiran 2ddccENmPRI c76801d76801 001040718NFICaDBADbDBADd2013-06-20eDBAD/PUBg750.00l0oPRIpEN-91216r2013-06-20 00:00:00t1v750.00w2013-06-20yEN